000 00485nam a2200169Ia 4500
008 230718s9999 xx 000 0 und d
020 _a9781408817001
041 _aeng
082 _a355.02'17
_bELB
100 _aElbaradei M.
_9192329
245 _aAge Of Deception
_bNuclear Diplomacy In Treacherous Times
260 _c2011
_bBloomsbury
300 _a340
365 _cRs.
_b550.00
700 _aElbaradei M.
_9192329
906 _dO:0195012-Aug-2011B:824017-Jun-2011
_cGENRL
_b137.5
999 _c328333
_d328333